000 00489nam a2200169Ia 4500
999 _c1655
_d1655
003 OSt
005 20201014104245.0
008 190216s9999||||xx |||||||||||||| ||und||
040 _coclc
082 _a580.724
_bSHA/E
100 _aSharma, O P
_95082
245 0 _aExperiments & Techniques In Plant Science /
_cO P Sharma
260 _bPragathi Prakashan,
_aMeerut:
_c2001.
300 _a171p
650 _aBotany
942 _cBK
_2ddc
_h580.724
_iSHA/E
_k580.724
_mSHA/E